000 00393 a2200145 4500
005 20250411170246.0
082 _a657 SCH
100 _aSCHROEDER, R.G.
245 _aAccounting Theory: Text and Readings.
250 _a3rd Ed.
260 _aCanada,
_bJohn Wiley& Sons Inc,
_c1987.
300 _ax, 739p.:Ill.; figures.
_bIndex
_c23cm.
700 _aMcCULLERS, L.V.& CLARK, M.
942 _2ddc
_cBKS
999 _c1337
_d1337